[Event "Nabereznye Chelny op 8th"]
[Site "Nabereznye Chelny"]
[Date "2010.01.21"]
[Round "3"]
[White "Afanasiev, Dmitry"]
[Black "Zakiryanova, Elina"]
[Result "1-0"]
[WhiteElo "1995"]
[BlackElo "1000"]
[PlyCount "107"]
[EventDate "2010.01.19"]
[EventType "swiss"]
[EventRounds "9"]
[EventCountry "RUS"]
[SourceTitle "CBM 134 Extra"]
[Source "ChessBase"]
[SourceDate "2010.03.03"]
[SourceVersion "1"]
[SourceVersionDate "2010.03.03"]
[SourceQuality "1"]

1. c4 e6 2. Nc3 d5 3. d4 Nf6 4. cxd5 exd5 5. Bg5 Be7 6. e3 Nc6 7. Bd3 a6 8. Nge2 0-0 9. a3 Re8 10. Qc2 h6 11. Bh4 Be6 12. 0-0 Nb8 13. Nf4 Rf8 14. Rac1 c6 15. Na4 Bc8 16. Bg3 Nbd7 17. b4 Rb8 18. Ne2 Ra8 19. h3 Re8 20. Rb1 Bf8 21. Nc5 a5 22. Qb2 Nb8 23. Bc2 b6 24. Nd3 Ne4 25. Bxb8 Rxb8 26. Ne5 Rxe5 27. dxe5 Nd2 28. Bh7+ Kh8 29. Qxd2 Kxh7 30. Qc2+ Kh8 31. Qxc6 axb4 32. axb4 Bf5 33. Rb2 Bd3 34. Qc3 Bb5 35. Rc1 Qe7 36. Qc7 Qxc7 37. Rxc7 Ra8 38. Nd4 Bd3 39. Rxf7 Re8 40. Ne6 Kg8 41. Rxf8+ Rxf8 42. Nxf8 Kxf8 43. Rd2 Bc4 44. f4 Ke7 45. Kf2 Ke6 46. Rd1 h5 47. g4 hxg4 48. hxg4 g5 49. Rh1 Bd3 50. Rh8 Bc4 51. Rb8 b5 52. Rb6+ Ke7 53. Rg6 Kf7 54. f5 1-0